000
00289nam a22001337a 4500
008
170728b xxu||||| |||| 00| 0 eng d
020
_a
2900136022533
041
_a
eng
080
_a
004
100
_a
31
101
_a
SHK
245
_a
STARTING OUT WITH C++
_c
GADDIS,T
942
_2
udc
_c
BK
999
_c
22082
_d
22082